Protection of electricity distribution networks

Gorde:
Xehetasun bibliografikoak
Egile Nagusiak: Gers, Juan M (Egilea), Holmes, Edward J (Egilea)
Formatua: Liburua
Hizkuntza:ingelesa
Argitaratua: IET 2011
Edizioa:3a. ed
Saila:IET Power and Energy Series, 65
Gaiak:
Etiketak: Etiketa erantsi
Etiketarik gabe, Izan zaitez lehena erregistro honi etiketa jartzen!

MARC

LEADER 00000cam a2200000 a 4500
001 UCF2639
003 CL-VaPUC
008 120830e20110000UK |||||||||||||||||eng|d
020 |a 9781849192231 
082 0 4 |a 621.319  |b GER  |2 21 
100 0 |a Gers, Juan M  |e author  |9 564364 
700 0 |a Holmes, Edward J  |e author  |9 564365 
245 1 0 |a Protection of electricity distribution networks 
250 |a 3a. ed 
300 |a 349 p 
942 |c BK 
945 |d 20120830 00:00:00  |a dcastane 
260 |b IET  |c 2011 
650 7 |a INSTALACIONES ELECTRICAS  |2 CL-VaPUC  |9 262736 
650 7 |a DISTRIBUCION ELECTRICA  |2 CL-VaPUC  |9 353641 
650 7 |a SISTEMAS ELECTRICOS  |2 CL-VaPUC  |9 355342 
583 |a last modification  |c 20120830 10:25:00  |k Rodrigo Vera 
490 0 |a IET Power and Energy Series, 65 
999 |c 349180  |d 349178 
952 |0 0  |1 0  |4 0  |6 621_319000000000000_GER_2011  |7 0  |8 A  |9 451667  |a BIBING  |b BIBING  |d 2019-11-22  |i 4898532  |o 621.319 GER 2011  |p 4898532  |r 2025-01-20  |w 2019-11-22  |y BK  |k EIE